000 00542nam a22002057a 4500
001 46444
003 BD-RjUL
005 20211209054143.0
008 160802s1969 n ||||| |||| 00| 0 eng d
035 _a(BD-RjUL)46562
040 _aBD-RjUL
_beng
_cBD-RjUL
041 _aeng
082 _a423
_bCRV 1969
100 _aCronin, Morton J.
_9141774
245 1 0 _aVocabulary 1000 /
_cMorton J. Cronin.
260 _aNew York :
_bHarcourt, Bruce & World,
_cc1969
300 _a174 p. ;
_c28 cm.
650 _aVocabulary.
_9132900
942 _2ddc
_cBK
999 _c46444
_d46444